Interacción electromagnética : teoría clásica /

Contenido: 1) Análisis vectorial; 2) Electrostática; 3) Electrostática en medios materiales; 4) Magnetostática; 5) Magnetismo en medios materiales; 6) Campos de variación lenta; 7) Ecuaciones de Maxwell; 8) Potenciales electromagnéticos y campo de radiación; 9) Radiación por fuentes extensas; 10) On...

Descripció completa

Guardat en:
Dades bibliogràfiques
Autor principal: Costa Quintana, Joan (autor)
Altres autors: López Aguilar, Fernando (autor) (autor)
Format: Llibre
Idioma:espanyol
Publicat: Barcelona, España : Reverté, 2007, c2007
Matèries:
Etiquetes: Afegir etiqueta
Sense etiquetes, Sigues el primer a etiquetar aquest registre!

MARC

LEADER 00000nam^a2200000^a^4500
001 000265910
005 20250521000000.0
009 20260310110732.69
020 |a 84-291-3058-6 
037 |a Acervo ITESO - Biblioteca 
041 |a ESP 
082 |a 539. 7546  |b COS 
100 |a Costa Quintana, Joan  |e (autor) 
245 1 0 |a Interacción electromagnética :  |b teoría clásica /  |c J. Costa Quintana, F. López Aguilar. 
264 4 |a Barcelona, España :  |b Reverté,  |c 2007, c2007 
300 |a XXIII, 532 p. 
336 |a texto  |b txt  |2 rdacontenido 
337 |a sin mediación  |b n  |2 rdamedio 
338 |a volumen  |b nc  |2 rdasoporte 
520 |a Contenido: 1) Análisis vectorial; 2) Electrostática; 3) Electrostática en medios materiales; 4) Magnetostática; 5) Magnetismo en medios materiales; 6) Campos de variación lenta; 7) Ecuaciones de Maxwell; 8) Potenciales electromagnéticos y campo de radiación; 9) Radiación por fuentes extensas; 10) Ondas electromagnéticas; 11) Ondas en medios confinados; 12) Relatividad; 13) Cargas con campos electromagnéticos; 14) Radiación de partículas; 15) Formulación lagrangiana del campo electromagnético; 16) Frenado por radiación; 17) Superconductividad. 
649 |a XX 
650 |a Electrostática 
650 |a Ondas Electromagnéticas 
650 |a Interacciones Electromagnéticas -  |x Tema Principal 
650 |a Reacciones Nucleares 
650 |a Física Nuclear 
650 |a Física 
700 |a López Aguilar, Fernando  |e (autor) 
910 |a Fondo General 
920 |a Impresos - Libros 
930 |a Colección General 
905 |a 101 
901 |a 0500148621  |b IT1  |c ACC  |u 20250521 
902 |a https://opac.biblio.iteso.mx/vufind/Record/000265910